000 00455nam a2200193Ia 4500
005 20240823014124.0
008 240823s9999||||xx |||||||||||||| ||und||
020 _a81-7409-054-1
041 _aENGLISH
082 _A624 P4
100 _aAgor R
245 0 _aElements of Civil Engineering
250 _a5th
260 _c2004
_b"Khanna Publishders,"
_aNew Delhi
500 _aTRANSFERED
650 _aCIVIL
_bCivil
942 _cBK
999 _c169184
_d169184